Le grande bon mot (click quiz) - Statistiques

Statistiques générales
  • Ce quiz a été pris 33 fois
  • Le résultat moyen est 6 sur 8
Statistiques - réponses
Hint Réponse % Correct
On est plus à l'aise quand on ne porte pas de .......... vêtement Su
97%
Dans du pastis, il faut toujours mettre de ......... Lo
90%
Je m'appelle Robert, mais appelle-moi .......... Beber
83%
Ta femme est une vraie .......... Comer
80%
Au pas, au galop, .......... ! Otro
80%
Si toi aussi, tu en as .......... de faire des quiz pourris, ben ne fais pas les miens Mar
77%
.......... chaussettes qui sentent le camembert ? Este
67%
.......... vont lâcher si tu ne prends pas ta pause au boulot pour venir ici ! Tener
63%
Aucun quiz correspondant
Distribution des résultats
% des personnes avec chaque résultat
Percentile par nombre de réponses
Votre historique - résultats
Vous n’avez pas pris ce quiz